<?xml version="1.0" encoding="UTF-8"?>
<record
    xmlns:xsi="http://www.w3.org/2001/XMLSchema-instance"
    xsi:schemaLocation="http://www.loc.gov/MARC21/slim http://www.loc.gov/standards/marcxml/schema/MARC21slim.xsd"
    xmlns="http://www.loc.gov/MARC21/slim">

  <leader>02240nam a2200313 i 4500</leader>
  <controlfield tag="003">DO-SdBNP</controlfield>
  <controlfield tag="005">20250811073846.0</controlfield>
  <controlfield tag="007">ta</controlfield>
  <controlfield tag="008">250811t2025    dr            000 0 spa d</controlfield>
  <datafield tag="020" ind1=" " ind2=" ">
    <subfield code="z">9789945952032</subfield>
  </datafield>
  <datafield tag="040" ind1=" " ind2=" ">
    <subfield code="a">DO-SdBNP</subfield>
    <subfield code="b">spa</subfield>
    <subfield code="c">BNPHU</subfield>
    <subfield code="e">rda</subfield>
  </datafield>
  <datafield tag="041" ind1=" " ind2=" ">
    <subfield code="a">spa</subfield>
  </datafield>
  <datafield tag="082" ind1=" " ind2=" ">
    <subfield code="a">xxxx</subfield>
    <subfield code="b">O49</subfield>
    <subfield code="2">22</subfield>
  </datafield>
  <datafield tag="100" ind1="1" ind2=" ">
    <subfield code="a">Olivo Pe&#xF1;a, Gustavo</subfield>
    <subfield code="d">1958-</subfield>
    <subfield code="e">autor</subfield>
    <subfield code="4">aut.</subfield>
    <subfield code="9">73547</subfield>
  </datafield>
  <datafield tag="245" ind1="1" ind2="0">
    <subfield code="a">Desde un costado de la (des) memoria /</subfield>
    <subfield code="c">Gustavo Olivo Pe&#xF1;a ; presentaci&#xF3;n, Rafael Peralta Romero</subfield>
  </datafield>
  <datafield tag="250" ind1=" " ind2=" ">
    <subfield code="a">Primera edici&#xF3;n</subfield>
  </datafield>
  <datafield tag="264" ind1=" " ind2=" ">
    <subfield code="a">Santo Domingo :</subfield>
    <subfield code="b">R&#xED;o de Oro Editores,</subfield>
    <subfield code="c">2025.</subfield>
  </datafield>
  <datafield tag="300" ind1=" " ind2=" ">
    <subfield code="a">93 p&#xE1;ginas</subfield>
    <subfield code="c">22 cm.</subfield>
  </datafield>
  <datafield tag="336" ind1=" " ind2=" ">
    <subfield code="a">texto</subfield>
    <subfield code="b">txt</subfield>
    <subfield code="2">rdacontent</subfield>
  </datafield>
  <datafield tag="337" ind1=" " ind2=" ">
    <subfield code="a">sin mediaci&#xF3;n</subfield>
    <subfield code="b">n</subfield>
    <subfield code="2">rdamedia</subfield>
  </datafield>
  <datafield tag="338" ind1=" " ind2=" ">
    <subfield code="a">volumen</subfield>
    <subfield code="b">nc</subfield>
    <subfield code="2">rdacarrier</subfield>
  </datafield>
  <datafield tag="490" ind1="1" ind2=" ">
    <subfield code="a">Logos</subfield>
  </datafield>
  <datafield tag="500" ind1=" " ind2=" ">
    <subfield code="a">Incluye datos biogr&#xE1;ficos del autor en la solapa de la cubierta.</subfield>
  </datafield>
  <datafield tag="520" ind1=" " ind2=" ">
    <subfield code="a">Jueces, maestros, polic&#xED;as, militares de pistola y fusta, muertos vivos, engendros de la noche y reflexivos homicidas habitan estas p&#xE1;ginas&#x2026; Una implacable vitrina variopinta de ejemplares cercados por sus circunstancias, siempre al borde del desbarrancadero de lo humano, encarnando pasiones, dolores, a&#xF1;oranzas, indecibles crueldades o altruismos, viviendo, en fin, respirando, amando y muriendo en buena lid bajo el m&#xE1;gico hechizo que nos depara la ficci&#xF3;n&#x2026;
Como un discreto y detallista orfebre, Olivo ha ido poblando su mundo literario con historias y seres que pugnan por entrar a un imaginario m&#xE1;s vasto, torn&#xE1;ndose met&#xE1;foras de elevado nivel. Un juez ya no es un juez, sino la &#xAB;justicia&#xBB;, un asesino es un espejo, un artista, un abismo&#x2026;
Nada desde&#xF1;a Olivo, ni se encasilla en fronteras gen&#xE9;ricas. Con la misma soltura transita del texto cl&#xE1;sico y realista a la nota folcl&#xF3;rica, la cr&#xF3;nica popular y el mito, construyendo una obra que empieza a dialogar con las mejores tradiciones del cuento latinoamericano. Amenos, conmovedores, impactantes, estos relatos concebidos &#xAB;desde un costado de la des(memoria)&#xBB; nos mirar&#xE1;n de frente, grab&#xE1;ndose en el alma. Muchos no podr&#xE1;n sostener la mirada.</subfield>
  </datafield>
  <datafield tag="590" ind1=" " ind2=" ">
    <subfield code="a">Inventariado, 2025/ YL</subfield>
  </datafield>
  <datafield tag="700" ind1="1" ind2=" ">
    <subfield code="a">Peralta Romero, Rafael,</subfield>
    <subfield code="d">1948-</subfield>
    <subfield code="e">presentaci&#xF3;n</subfield>
    <subfield code="4">pre.</subfield>
    <subfield code="9">79774</subfield>
  </datafield>
  <datafield tag="910" ind1=" " ind2=" ">
    <subfield code="a">YLockward</subfield>
  </datafield>
  <datafield tag="942" ind1=" " ind2=" ">
    <subfield code="2">ddc</subfield>
    <subfield code="c">LBS1</subfield>
  </datafield>
  <datafield tag="952" ind1=" " ind2=" ">
    <subfield code="0">0</subfield>
    <subfield code="1">0</subfield>
    <subfield code="2">ddc</subfield>
    <subfield code="5">1</subfield>
    <subfield code="7">0</subfield>
    <subfield code="8">PD</subfield>
    <subfield code="a">BNPHU</subfield>
    <subfield code="b">BNPHU</subfield>
    <subfield code="c">CT</subfield>
    <subfield code="d">2025-07-30</subfield>
    <subfield code="e">Dep&#xF3;sito Legal</subfield>
    <subfield code="l">0</subfield>
    <subfield code="o">BNPHU PD xxxx O49</subfield>
    <subfield code="p">2025-8130</subfield>
    <subfield code="r">2025-08-11</subfield>
    <subfield code="w">2025-08-11</subfield>
    <subfield code="y">LBS1</subfield>
  </datafield>
  <datafield tag="952" ind1=" " ind2=" ">
    <subfield code="0">0</subfield>
    <subfield code="1">0</subfield>
    <subfield code="2">ddc</subfield>
    <subfield code="5">1</subfield>
    <subfield code="7">0</subfield>
    <subfield code="8">PD</subfield>
    <subfield code="a">BNPHU</subfield>
    <subfield code="b">BNPHU</subfield>
    <subfield code="c">CT</subfield>
    <subfield code="d">2025-07-30</subfield>
    <subfield code="e">Dep&#xF3;sito Legal</subfield>
    <subfield code="l">0</subfield>
    <subfield code="o">BNPHU PD xxxx O49</subfield>
    <subfield code="p">2025-8131</subfield>
    <subfield code="r">2025-08-11</subfield>
    <subfield code="t">e. 2</subfield>
    <subfield code="w">2025-08-11</subfield>
    <subfield code="y">LBS1</subfield>
  </datafield>
  <datafield tag="952" ind1=" " ind2=" ">
    <subfield code="0">0</subfield>
    <subfield code="1">0</subfield>
    <subfield code="2">ddc</subfield>
    <subfield code="5">6</subfield>
    <subfield code="7">0</subfield>
    <subfield code="8">DS</subfield>
    <subfield code="a">BNPHU</subfield>
    <subfield code="b">BNPHU</subfield>
    <subfield code="c">CT</subfield>
    <subfield code="d">2025-07-30</subfield>
    <subfield code="e">Dep&#xF3;sito Legal</subfield>
    <subfield code="l">0</subfield>
    <subfield code="o">BNPHU DS xxxx O49</subfield>
    <subfield code="p">2025-8132</subfield>
    <subfield code="r">2025-08-11</subfield>
    <subfield code="t">e. 3</subfield>
    <subfield code="w">2025-08-11</subfield>
    <subfield code="y">LBS1</subfield>
  </datafield>
  <datafield tag="999" ind1=" " ind2=" ">
    <subfield code="c">59749</subfield>
    <subfield code="d">59749</subfield>
  </datafield>
</record>
